يجر و يد (حصہ ا و ل ) (Record no. 169861)

MARC details
000 -LEADER
fixed length control field 00583nam a22001937a 4500
005 - DATE AND TIME OF LATEST TRANSACTION
control field 20191206112236.0
010 ## - LCCN (DPL NO)
LC control number A-387282
020 ## - INTERNATIONAL STANDARD BOOK NUMBER
Terms of availability N.A.
International Standard Book Number -
035 ## - SYSTEM CONTROL NUMBER
System control number A-387282
037 ## - SOURCE OF ACQUISITION
Source of stock number/acquisition BPPD
082 ## - DEWEY DECIMAL CLASSIFICATION NUMBER
Classification number 220.1
100 ## - MAIN ENTRY--PERSONAL NAME
Personal name آ شو ر ا م آ ر يہ
245 ## - TITLE STATEMENT
Title يجر و يد (حصہ ا و ل )
Statement of responsibility, etc آ شو ر ا م آ ر يہ
246 ## - VARYING FORM OF TITLE
Title proper/short title Yujer Ved (Part-1)
Remainder of title by Ashu Ram Arya
260 ## - PUBLICATION, DISTRIBUTION, ETC. (IMPRINT)
Place of publication, distribution, etc Haryana
Date of publication, distribution, etc 1980 ء
Name of publisher, distributor, etc Haryana Raj Bhawan
270 ## - ADDRESS
Address Haryana Raj Bhawan,
City Chandigarh
Telephone number -
Postal code -
300 ## - PHYSICAL DESCRIPTION
Extent 437ص
Dimensions 22 cm(hb)
942 ## - ADDED ENTRY ELEMENTS (KOHA)
Source of classification or shelving scheme Dewey Decimal Classification
Item type Urdu Bks
Classification part 220.1
Call number suffix آ ش و
Holdings
Withdrawn status Lost status Not for loan Collection code Home library Current library Date acquired Source of acquisition Cost, normal purchase price Full call number Barcode Copy number Cost, replacement price Koha item type
    Ordered Non-fiction Central Library Central Library 06/12/2019 BPPD/Ven. 0.00 220.1 آ ش و A-387282 1 0.00 Urdu Bks

© Delhi Public Library
Hit Counter
free hit counter